| 000 | 00513nam a2200181Ia 4500 | ||
|---|---|---|---|
| 003 | GCL | ||
| 008 | 140319s9999 xx 000 0 eng d | ||
| 040 |
_aGCL / _cGCL |
||
| 082 | 0 | 4 |
_a427 _bQ G |
| 100 | 1 | _aQUIRK, RANDOLPH | |
| 245 | 1 | 0 |
_aGRAMMATICAL AND LEXICAL VARIANCE IN ENGLISH / _cQUIRK, RANDOLPH |
| 260 |
_a[S.N] : _bLONGMAN ، _c1995 |
||
| 300 | _a220 P | ||
| 650 | 0 | 4 | _aENGLISH LANGUAGE - VARIATION |
| 650 | 0 | 4 | _aENGLISH LANGUAGE - LEXICOLOGY |
| 650 | 0 | 4 | _aENGLISH LANGUAGE - GRAMMAR |
| 942 |
_2ddc _cBK |
||
| 999 |
_c24031 _d24031 |
||